[Event "It"]
[Site "masterchessopen.com Marianske Lazne (Czech Republic)"]
[Round "6"]
[White "Uhlmann Wolfgang (GER)"]
[Black "Wade Robert G (ENG)"]
[Result "1-0"]
[WhiteElo "2379"]
[BlackElo "2148"]

1.d4 d5 2.c4 c6 3.Nc3 Nf6 4.Nf3 dxc4 5.a4 Bf5 6.e3 e6 7.Bxc4 Bb4 8.O-O O-O
9.Qe2 Nbd7 10.Rd1 Bg4 11.h3 Bxf3 12.Qxf3 e5 13.d5 Bxc3 14.dxc6 bxc6 15.bxc3 e4
16.Qf4 Qa5 17.Ba3 c5 18.Bb5 Qxc3 19.Rdc1 Qa5 20.Bb2 Rac8 21.Bxd7 {#r} 1-0

[Event "Ch Bulgaria"]
[Site "masterchessopen.com Sofia (Bulgaria)"]
[Round "0"]
[White "Minev Nikolay N (USA)"]
[Black "Kolarov Atanas S (BUL)"]
[Result "0-1"]
[WhiteElo "2370"]
[BlackElo "2415"]

1.d4 Nf6 2.c4 c6 3.Nc3 d5 4.Nf3 dxc4 5.a4 Bf5 6.e3 e6 7.Bxc4 Bb4 8.O-O O-O
9.Qe2 Bg6 10.Bd3 Bxd3 11.Qxd3 Nbd7 12.Rd1 Qa5 13.Qc4 Nb6 14.Qb3 Bxc3 15.bxc3
Ne4 16.Ba3 Rfc8 17.c4 Qxa4 18.Qd3 Nxf2 19.Kxf2 Qxc4 20.Qb1 Qd5 21.Rc1 Rcb8
22.Rc5 Qd8 23.e4 f6 24.Rh5 Qd7 25.Qb3 Re8 26.Rb1 Rab8 27.g4 Kh8 28.Rg1 Qf7
29.Rg3 Qg6 30.Qd3 Nd5 31.Qe3 Nxe3 {#R} 0-1

[Event "Ch URS (team) (1/2 final)"]
[Site "masterchessopen.com Tallinn (Estonia)"]
[Round "0"]
[White "Petrosian Tigran V (ARM)"]
[Black "Roizman Abram Y (BLR)"]
[Result "1-0"]
[WhiteElo "2580"]
[BlackElo "2315"]

1.d4 Nf6 2.Nf3 d5 3.c4 c6 4.Nc3 dxc4 5.a4 Bf5 6.e3 e6 7.Bxc4 Bb4 8.O-O O-O
9.Qe2 Nbd7 10.e4 Bg6 11.Bd3 h6 12.h3 Qe7 13.Bf4 c5 14.e5 Ne8 15.Rfc1 Bxc3
16.Rxc3 Bxd3 17.Qxd3 Nc7 18.dxc5 Nd5 19.Rc4 Rfc8 20.Bd2 Nxc5 21.Qc2 Nb6 22.Rg4
Kh8 23.Ng5 f5 24.exf6 gxf6 25.Rh4 fxg5 26.Bc3+ e5 27.Rxh6+ Kg8 28.Rg6+ Kh8
29.Qe2 {#r} 1-0

[Event "Olympiad"]
[Site "masterchessopen.com Tel Aviv (Israel)"]
[Round "5"]
[White "Schweber Samuel (ARG)"]
[Black "Solmundarson Magnus (ISL)"]
[Result "1-0"]
[WhiteElo "2348"]
[BlackElo "2219"]

1.d4 d5 2.c4 c6 3.Nf3 Nf6 4.Nc3 dxc4 5.a4 Bf5 6.e3 e6 7.Bxc4 Bb4 8.O-O O-O
9.Qe2 Nbd7 10.e4 Bg6 11.Bd3 Qc7 12.e5 Nd5 13.Bxg6 fxg6 14.Ng5 Rfe8 15.Bd2 Bf8
16.Nxd5 {#r} 1-0

[Event "Zt"]
[Site "masterchessopen.com Rio Hondo (Argentina)"]
[Round "15"]
[White "Foguelman Alberto (ARG)"]
[Black "Quinones Oscar C (PER)"]
[Result "1-0"]
[WhiteElo "2310"]
[BlackElo "2345"]

1.d4 d5 2.c4 c6 3.Nf3 Nf6 4.Nc3 dxc4 5.a4 Bf5 6.e3 e6 7.Bxc4 Bb4 8.O-O O-O
9.Qe2 Nbd7 10.Rd1 Qc7 11.Bd2 a5 12.Rac1 Bg6 13.Nh4 Bh5 14.f3 e5 15.g4 exd4
16.exd4 Rfe8 17.Qd3 Bg6 18.Nxg6 hxg6 19.Qxg6 Nb6 20.Bb3 Qd7 21.Qd3 Rad8 22.Re1
Nfd5 23.Bc2 g6 24.Rxe8+ Rxe8 25.Ne4 Kg7 26.Bg5 Be7 27.Nc5 Qc7 28.Ne6+ {#r} 1-0

[Event "corr."]
[Site "masterchessopen.com DDR"]
[Round "0"]
[White "Grandt Bernd (GER)"]
[Black "Eichler Gottfried (GER)"]
[Result "0-1"]
[WhiteElo "2023"]
[BlackElo "2011"]

1.d4 c6 2.c4 d5 3.Nf3 Nf6 4.Nc3 dxc4 5.a4 Bf5 6.e3 e6 7.Bxc4 Bb4 8.O-O O-O
9.Qe2 Ne4 10.Bd3 Bxc3 11.bxc3 Nxc3 12.Qc2 Bxd3 13.Qxd3 Nd5 14.Rb1 Qc7 15.Ba3
Rd8 16.Rfc1 Nd7 17.Nd2 Rab8 18.Ne4 N7f6 19.f3 e5 20.Bd6 Rxd6 21.dxe5 Rdd8
22.exf6 Nxf6 23.Nxf6+ gxf6 24.Qc4 Qe5 25.Qb3 Qe6 26.Rc3 Qxb3 27.Rbxb3 Rd6
28.Rd3 Rxd3 29.Rxd3 a5 30.Rd7 b5 31.Rd6 bxa4 {#R} 0-1

[Event "It (open)"]
[Site "masterchessopen.com Mar del Plata (Argentina)"]
[Round "0"]
[White "Agdamus Jose Luis (BRA)"]
[Black "Benko Francisco (ARG)"]
[Result "1-0"]
[WhiteElo "2276"]
[BlackElo "2036"]

1.c4 Nf6 2.Nc3 c6 3.d4 d5 4.Nf3 dxc4 5.a4 Bf5 6.e3 e6 7.Bxc4 Bb4 8.O-O O-O
9.Qe2 Bg4 10.Rd1 Qe7 11.e4 Nbd7 12.e5 Nd5 13.Ne4 h6 14.h3 Bh5 15.g4 Bg6 16.g5
h5 17.Ng3 N7b6 18.Bb3 a5 19.Nh4 Rac8 20.Nxh5 c5 21.Nf6+ Nxf6 22.gxf6 gxf6
23.Qg4 Rfe8 24.Bh6 f5 25.Qg3 c4 26.Bc2 Kh7 27.Bg5 Qd7 28.Nxf5 Nd5 29.Qh4+ Kg8
30.Nh6+ Kf8 31.Ng4 f6 32.Qh8+ {#r} 1-0

[Event "Tournament (team)"]
[Site "masterchessopen.com Villa Gesell (Argentina)"]
[Round "7"]
[White "Acosta Tomas (ARG)"]
[Black "Giacomini Hector (FRA)"]
[Result "0-1"]
[WhiteElo "2275"]
[BlackElo "2289"]

1.d4 d5 2.c4 c6 3.Nc3 Nf6 4.Nf3 dxc4 5.a4 Bf5 6.e3 e6 7.Bxc4 Bb4 8.O-O O-O
9.Qe2 Bg4 10.Qc2 Nbd7 11.Ne5 Nxe5 12.dxe5 Nd7 13.f4 Qe7 14.Bd3 f5 15.exf6 Nxf6
16.e4 e5 17.Be3 Kh8 18.Rae1 Nd7 19.f5 Rad8 20.Bc4 Bc5 21.Kh1 Bxe3 22.Rxe3 Qc5
23.Rd3 Qxc4 {#R} 0-1

[Event "It (b)"]
[Site "masterchessopen.com Wijk aan Zee (Netherlands)"]
[Round "5"]
[White "Dieks Roy G (NED)"]
[Black "Timman Jan H (NED)"]
[Result "1-0"]
[WhiteElo "2305"]
[BlackElo "2510"]

1.c4 Nf6 2.Nf3 c6 3.d4 d5 4.Nc3 dxc4 5.a4 Bf5 6.e3 e6 7.Bxc4 Bb4 8.O-O O-O
9.Qe2 Nbd7 10.Nh4 Bg4 11.f3 Nd5 12.fxg4 Qxh4 13.Na2 Bd6 14.g3 Qe7 15.e4 N5b6
16.Bd3 e5 17.a5 Nc8 18.d5 Bc5+ 19.Kg2 cxd5 20.exd5 Nd6 21.Nc3 Bd4 22.g5 Nc5
23.Bxh7+ Kxh7 24.Rf4 g6 25.Rxd4 Nb3 26.Rh4+ Kg8 27.Rb1 Nxc1 28.Rxc1 Qxg5
29.Re1 e4 30.Nxe4 Qxd5 31.Rd1 Qc6 32.Rxd6 {#r} 1-0

[Event "?"]
[Site "masterchessopen.com Lvov (Ukraine)"]
[Round "0"]
[White "Podgaets Mikhail (UKR)"]
[Black "Shvedchikov Anatoli I (RUS)"]
[Result "1-0"]
[WhiteElo "2465"]
[BlackElo "2422"]

1.d4 d5 2.c4 c6 3.Nf3 Nf6 4.Nc3 dxc4 5.a4 Bf5 6.e3 e6 7.Bxc4 Bb4 8.O-O O-O
9.Qe2 Bg4 10.Rd1 Nbd7 11.e4 Rc8 12.h3 Bxf3 13.Qxf3 e5 14.Ne2 Qe7 15.Ng3 exd4
16.Rxd4 Ne5 17.Qe2 Bc5 18.Nf5 Qe8 19.Be3 Bxd4 20.Bxd4 Rd8 21.Bc3 Ng6 22.Qf3
Nh5 23.Qxh5 Qxe4 24.Qh6 {#r} 1-0

[Event "Olympiad"]
[Site "masterchessopen.com Buenos Aires (Argentina)"]
[Round "8"]
[White "Garcia Raimundo (ARG)"]
[Black "Varga Mariano (ARG)"]
[Result "1-0"]
[WhiteElo "2327"]
[BlackElo "2143"]

1.Nf3 d5 2.c4 c6 3.d4 Nf6 4.Nc3 dxc4 5.a4 Bf5 6.e3 e6 7.Bxc4 Bb4 8.O-O O-O
9.Qe2 Bg6 10.Ne5 Nbd7 11.Nxg6 hxg6 12.Rd1 Qa5 13.e4 Bxc3 14.bxc3 b5 15.Bd3 a6
16.Bd2 Qc7 17.c4 c5 18.cxb5 cxd4 19.Rac1 Qb8 20.bxa6 Rc8 21.Rxc8+ Qxc8 22.Rc1
Qb8 23.Bb5 {#r} 1-0

[Event "?"]
[Site "masterchessopen.com URS"]
[Round "0"]
[White "Podgaets Mikhail (UKR)"]
[Black "Timoscenko Gennadij (SVK)"]
[Result "0-1"]
[WhiteElo "2450"]
[BlackElo "2530"]

1.d4 d5 2.c4 c6 3.Nc3 Nf6 4.Nf3 dxc4 5.a4 Bf5 6.e3 e6 7.Bxc4 Bb4 8.O-O O-O
9.Qe2 Nbd7 10.e4 Bg6 11.Bd3 Bh5 12.h3 Bxf3 13.Qxf3 e5 14.Be3 Re8 15.Rfd1 Qe7
16.Bc2 exd4 17.Bxd4 Ne5 18.Qe3 Ng6 19.Bxa7 Rxa7 20.Qxa7 Bc5 21.Qa5 Nf4 22.Kf1
b6 23.Qa6 N6h5 24.e5 Qg5 25.Be4 Ng3+ 26.Ke1 Nxe4 27.Nxe4 Bb4+ 28.Rd2 Qxg2
29.Nc3 Qg1+ {#R} 0-1

[Event "?"]
[Site "masterchessopen.com Vrsac (Yugoslavia)"]
[Round "0"]
[White "Ftacnik Lubomir (SVK)"]
[Black "Campora Daniel H (ARG)"]
[Result "0-1"]
[WhiteElo "2525"]
[BlackElo "2490"]

1.Nf3 d5 2.d4 Nf6 3.c4 c6 4.Nc3 dxc4 5.a4 Bf5 6.e3 e6 7.Bxc4 Bb4 8.O-O O-O
9.Qe2 Ne4 10.Na2 Bd6 11.b4 Nd7 12.Bb2 Bg4 13.h3 Bxf3 14.gxf3 Qg5+ 15.Kh1 Qh4
16.Kg2 Ng5 17.Rh1 Nb6 18.Bd3 Nd5 19.b5 f5 20.Rag1 f4 21.e4 Ne3+ 22.fxe3 fxe3
23.f4 Bxf4 24.Qe1 Bg3 25.Qxe3 Bf2 {#R} 0-1

[Event "It"]
[Site "masterchessopen.com Nijmegen (Netherlands)"]
[Round "6"]
[White "Enklaar Bertus F (NED)"]
[Black "Reefschlaeger Helmut Dr (GER)"]
[Result "0-1"]
[WhiteElo "2390"]
[BlackElo "2248"]

1.d4 d5 2.c4 c6 3.Nf3 Nf6 4.Nc3 dxc4 5.a4 Bf5 6.e3 e6 7.Bxc4 Bb4 8.O-O O-O
9.Qe2 Nbd7 10.e4 Bg6 11.Bd3 Bh5 12.h3 c5 13.Na2 Ba5 14.Bg5 h6 15.Bh4 g5 16.Bg3
cxd4 17.Bd6 Re8 18.g4 Nxg4 19.hxg4 Bxg4 20.e5 f5 21.Rac1 Nf8 22.b4 Ng6 23.Qd1
Nf4 24.bxa5 Re7 25.Kh2 Qe8 26.Rh1 Qh5+ 27.Kg3 Bh3 28.Bf1 Qg4+ 29.Kh2 Bg2 {#R}
0-1

[Event "It"]
[Site "masterchessopen.com Quebec (Canada)"]
[Round "7"]
[White "Levtchouk George (CAN)"]
[Black "Bolduc Steve (CAN)"]
[Result "1-0"]
[WhiteElo "2323"]
[BlackElo "2229"]

1.d4 d5 2.c4 c6 3.Nc3 Nf6 4.Nf3 dxc4 5.a4 Bf5 6.e3 e6 7.Bxc4 Bb4 8.O-O O-O
9.Qe2 Nbd7 10.e4 Bg4 11.Rd1 Qc7 12.e5 Nd5 13.Nxd5 cxd5 14.Bd3 Bxf3 15.Qxf3
Rfc8 16.h4 Nb8 17.Qh5 g6 18.Qg4 Bf8 19.h5 Nc6 20.hxg6 hxg6 21.Bg5 Nb4 22.Bf6
Bg7 23.Ra3 Nxd3 24.Raxd3 Qc2 25.Rh3 Qe4 26.Qg5 Qf5 27.Qh4 Bxf6 28.exf6 Qh5
29.Qf4 Qxd1+ 30.Kh2 Qc1 31.Qh4 {#r} 1-0

[Event "It (open)"]
[Site "masterchessopen.com New York (USA)"]
[Round "5"]
[White "Hook W (IVB)"]
[Black "Bernal Eduardo (PHI)"]
[Result "0-1"]
[WhiteElo "2009"]
[BlackElo "2355"]

1.d4 d5 2.c4 c6 3.Nf3 Nf6 4.Nc3 dxc4 5.a4 Bf5 6.e3 e6 7.Bxc4 Bb4 8.O-O O-O
9.Qe2 Nbd7 10.e4 Bg6 11.Ne5 Nxe5 12.dxe5 Bxc3 13.bxc3 Nxe4 14.Ra3 Qa5 15.Re1
Rad8 16.Qe3 Nc5 17.Qe2 Bd3 18.Qg4 Kh8 19.Bg5 Rd7 20.Ba2 Bf5 21.Qh4 Nd3 22.Rd1
Qxe5 23.Be3 f6 24.Bb1 Rfd8 25.g4 Nf4 26.Bd4 Rxd4 27.cxd4 Rxd4 28.Rf1 Bxb1 {#R}
0-1

[Event "Ch Netherlands (team)"]
[Site "masterchessopen.com Netherlands"]
[Round "0"]
[White "Riemens Michael (NED)"]
[Black "Beulen Marcel (NED)"]
[Result "0-1"]
[WhiteElo "2262"]
[BlackElo "2359"]

1.d4 d5 2.c4 c6 3.Nf3 Nf6 4.Nc3 dxc4 5.a4 Bf5 6.e3 e6 7.Bxc4 Bb4 8.O-O O-O
9.Qe2 Nbd7 10.e4 Bg6 11.Rd1 Bxc3 12.bxc3 Nxe4 13.Qe1 Re8 14.Ba3 Qf6 15.Ne5
Nxe5 16.dxe5 Qxe5 17.Rd4 Rad8 18.Rad1 Qc7 {#R} 0-1

[Event "It"]
[Site "masterchessopen.com Naleczow (Poland)"]
[Round "10"]
[White "Goldin Alexander (USA)"]
[Black "Redzepagic Rolando (YUG)"]
[Result "1-0"]
[WhiteElo "2440"]
[BlackElo "2390"]

1.d4 d5 2.c4 c6 3.Nf3 Nf6 4.Nc3 dxc4 5.a4 Bf5 6.e3 e6 7.Bxc4 Bb4 8.O-O O-O
9.Qe2 Nbd7 10.e4 Bg6 11.Bd3 Bh5 12.e5 Nd5 13.Nxd5 cxd5 14.Qe3 a6 15.Ng5 h6
16.Qh3 Be2 17.Nxe6 Bxd3 18.Nxd8 Bxf1 19.Nxb7 {#r} 1-0

[Event "?"]
[Site "masterchessopen.com Dortmund (Germany)"]
[Round "0"]
[White "Hertneck Gerald (GER)"]
[Black "Seegers Hendrik (GER)"]
[Result "1-0"]
[WhiteElo "2465"]
[BlackElo "2213"]

1.c4 c6 2.d4 d5 3.Nc3 Nf6 4.Nf3 dxc4 5.a4 Bf5 6.e3 e6 7.Bxc4 Bb4 8.O-O O-O
9.Qe2 Ne4 10.Na2 Bd6 11.Ne5 Qc7 12.f3 Bxe5 13.dxe5 Nc5 14.e4 Bg6 15.b4 Nxa4
16.f4 Qc8 17.h4 f6 18.exf6 gxf6 19.f5 Bf7 20.fxe6 Bxe6 21.Qg4+ Kf7 22.e5 Bxc4
23.Qxc4+ Kg7 24.exf6+ Rxf6 25.Bh6+ {#r} 1-0

[Event "Bundesliga 1987/88"]
[Site "masterchessopen.com Germany"]
[Round "0"]
[White "Koopmann Rolf Dr (GER)"]
[Black "Kreul Helmut (GER)"]
[Result "1-0"]
[WhiteElo "2234"]
[BlackElo "2114"]

1.Nf3 d5 2.d4 Nf6 3.c4 c6 4.Nc3 dxc4 5.a4 Bf5 6.e3 e6 7.Bxc4 Bb4 8.O-O O-O
9.Qe2 Ne4 10.Nxe4 Bxe4 11.Ne1 Nd7 12.f3 Bg6 13.Nd3 Bd6 14.e4 e5 15.dxe5 Nxe5
16.Nxe5 Bxe5 17.Be3 Bd4 18.Rfd1 Bxe3+ 19.Qxe3 Qe7 20.Ra3 Qb4 21.Qd4 b5 {#r}
1-0

[Event "It (open)"]
[Site "masterchessopen.com Liechtenstein"]
[Round "0"]
[White "Novkovic Milan (AUT)"]
[Black "Brauer Gerardo (MEX)"]
[Result "1-0"]
[WhiteElo "2376"]
[BlackElo "2305"]

1.Nf3 d5 2.d4 Nf6 3.c4 c6 4.Nc3 dxc4 5.a4 Bf5 6.Nh4 Bc8 7.Nf3 Bf5 8.e3 e6
9.Bxc4 Bb4 10.O-O O-O 11.Qe2 Nbd7 12.e4 Bg6 13.e5 Ne8 14.Rd1 a5 15.Bd3 Nc7
16.Ng5 Bxd3 17.Rxd3 h6 18.Nge4 Re8 19.Rg3 Kh7 20.Qh5 Qe7 21.Rxg7+ Kxg7
22.Bxh6+ {#r} 1-0

[Event "It (open)"]
[Site "masterchessopen.com Budapest (Hungary)"]
[Round "0"]
[White "Kecskes Gabor (HUN)"]
[Black "Primiceri Nunzio (ITA)"]
[Result "0-1"]
[WhiteElo "2156"]
[BlackElo "2150"]

1.d4 d5 2.c4 c6 3.Nf3 Nf6 4.Nc3 dxc4 5.a4 Bf5 6.e3 e6 7.Bxc4 Bb4 8.O-O O-O
9.Qe2 c5 10.e4 Bg4 11.dxc5 Nc6 12.Rd1 Qe7 13.Bf4 Nh5 14.Bd6 Qf6 15.Bxf8 Rxf8
16.Qe3 Nf4 17.Bf1 Ne5 18.Nxe5 Qxe5 19.Ne2 Ng6 20.Rac1 Ba5 21.f3 Bc7 22.Ng3 Bh5
23.Rd7 b6 24.Qd4 Qg5 25.Qd2 Bf4 26.Qd1 Bxc1 27.Nxh5 Be3+ {#R} 0-1

[Event "It (open) \"]
[Site "masterchessopen.com Buenos Aires (Argentina)"]
[Round "2"]
[White "Schipper Bernardo (ARG)"]
[Black "Tempone Marcelo (ARG)"]
[Result "0-1"]
[WhiteElo "2116"]
[BlackElo "2411"]

1.Nf3 d5 2.d4 Nf6 3.c4 dxc4 4.Nc3 c6 5.a4 Bf5 6.e3 e6 7.Bxc4 Bb4 8.O-O O-O
9.Qe2 Nbd7 10.Rd1 Qe7 11.e4 Bg6 12.Bg5 e5 13.d5 Bxc3 14.dxc6 bxc6 15.bxc3 h6
16.Rxd7 Qxd7 17.Nxe5 hxg5 18.Nxd7 Nxd7 19.Rd1 Ne5 20.Ba2 g4 21.Qe3 Rfe8 22.f4
gxf3 23.gxf3 Bh5 24.Rf1 Rab8 25.Rf2 a5 26.Kg2 Rbd8 27.Qg5 Nd3 28.Qxh5 Nf4+
{#R} 0-1

[Event "It (open)"]
[Site "masterchessopen.com Copenhagen (Denmark)"]
[Round "-50"]
[White "Pedersen Steffen (DEN)"]
[Black "Bang Andreas (DEN)"]
[Result "0-1"]
[WhiteElo "2431"]
[BlackElo "2287"]

1.d4 d5 2.c4 c6 3.Nf3 Nf6 4.Nc3 dxc4 5.a4 Bf5 6.e3 e6 7.Bxc4 Bb4 8.O-O O-O
9.Qe2 Bg6 10.Ne5 Nbd7 11.f4 Qe7 12.g4 Nd5 13.Nxd7 Qxd7 14.Na2 Be7 15.Qg2 Nb6
16.Bb3 Bd3 17.Rd1 Bc4 18.Bc2 f5 19.Nc3 Nd5 20.g5 Qe8 21.Bd3 Bxd3 22.Rxd3 Rd8
23.Qf3 Rd7 24.Rb1 Qd8 25.Nxd5 Rxd5 26.b4 e5 27.fxe5 Rxe5 28.b5 Re4 29.bxc6
bxc6 30.Rb7 Bd6 31.Qg2 Rg4 {#R} 0-1

[Event "It (open)"]
[Site "masterchessopen.com Lyngby (Denmark)"]
[Round "-15"]
[White "Pedersen Steffen (DEN)"]
[Black "Kues Hendrik (GER)"]
[Result "1-0"]
[WhiteElo "2431"]
[BlackElo "2155"]

1.d4 d5 2.c4 c6 3.Nf3 Nf6 4.Nc3 dxc4 5.a4 Bf5 6.e3 e6 7.Bxc4 Bb4 8.O-O O-O
9.Qe2 Nbd7 10.Ne5 Re8 11.Nd3 Bf8 12.e4 Bg6 13.Rd1 Nb6 14.Bb3 Qxd4 15.a5 Bh5
16.Qf1 Bxd1 17.Bxd1 Nc8 18.e5 Nd5 19.Ra4 Bb4 20.Nxb4 Nxc3 21.bxc3 Qxc3 22.Nd3
Ne7 23.Bb2 Qd2 24.Ra3 Qg5 25.Nc5 b6 26.axb6 axb6 27.Ne4 Qh6 28.Rh3 Qf4 29.Bc2
Nf5 30.Qe2 Nh6 31.Rh5 Red8 32.h3 {#r} 1-0

[Event "It (open)"]
[Site "masterchessopen.com Aviles (Spain)"]
[Round "0"]
[White "Moskalenko Viktor (UKR)"]
[Black "Arias Rodriguez Santiago (ESP)"]
[Result "1-0"]
[WhiteElo "2505"]
[BlackElo "2194"]

1.d4 d5 2.c4 c6 3.Nf3 Nf6 4.Nc3 dxc4 5.a4 Bf5 6.e3 e6 7.Bxc4 Bb4 8.O-O O-O
9.Qe2 Nbd7 10.Ne5 Qa5 11.e4 Bg6 12.Nxg6 hxg6 13.e5 Bxc3 14.bxc3 Nd5 15.Bd2
Rfe8 16.f4 Ne7 17.g4 Nf8 18.Rf3 Qd8 19.Raf1 a6 20.Qf2 b5 21.Ba2 Nd5 22.f5 Nh7
23.fxg6 fxg6 24.Bb1 Nf8 25.Rh3 Ra7 26.g5 Ne7 27.Qf7# 1-0

[Event "It (open)"]
[Site "masterchessopen.com Benasque (Spain)"]
[Round "3"]
[White "Alvarado Ascanio Francisco (ESP)"]
[Black "Cabello Fernandez Fco J (ESP)"]
[Result "1-0"]
[WhiteElo "2217"]
[BlackElo "2008"]

1.d4 d5 2.c4 c6 3.Nc3 Nf6 4.Nf3 dxc4 5.a4 Bf5 6.e3 e6 7.Bxc4 Bb4 8.O-O O-O
9.Qe2 Ne4 10.Nxe4 Bxe4 11.Ne5 Nd7 12.f3 Nxe5 13.dxe5 Bg6 14.e4 Qd4+ 15.Be3
Qxe5 16.Rfd1 Rfd8 17.Qf2 Bd6 18.g3 c5 19.Bf4 {#r} 1-0

[Event "It (open)"]
[Site "masterchessopen.com Hradec Kralove (Czech Republic)"]
[Round "0"]
[White "Nyvlt Otto (CZE)"]
[Black "Nevole Vladimir (CZE)"]
[Result "0-1"]
[WhiteElo "1986"]
[BlackElo "2051"]

1.Nf3 d5 2.d4 Nf6 3.c4 c6 4.Nc3 dxc4 5.a4 Bf5 6.e3 e6 7.Bxc4 Bb4 8.O-O O-O
9.Qe2 Nbd7 10.e4 Bg6 11.Bd3 Bh5 12.e5 Nd5 13.Bd2 Be7 14.Bxh7+ Kxh7 15.Ng5+
Bxg5 16.Qxh5+ Bh6 17.Ne4 f5 18.exf6 N7xf6 19.Qh4 Nxe4 20.Qxe4+ Kh8 21.Bxh6
gxh6 22.Qxe6 Qf6 23.Qh3 Nf4 24.Qb3 Rf7 25.Rae1 Rg8 26.g3 Nd5 27.Kg2 Qxd4
28.Re6 Nf4+ 29.Kg1 Nxe6 {#R} 0-1

[Event "It (open)"]
[Site "masterchessopen.com Karvina (Czech Republic)"]
[Round "1"]
[White "Guliev Sarhan (AZE)"]
[Black "Mitura Vaclav (CZE)"]
[Result "1-0"]
[WhiteElo "2470"]
[BlackElo "2165"]

1.d4 d5 2.c4 c6 3.Nf3 Nf6 4.Nc3 dxc4 5.a4 Bf5 6.e3 e6 7.Bxc4 Bb4 8.O-O O-O
9.Qe2 Bg6 10.Ne5 Nbd7 11.Nxg6 hxg6 12.Rd1 Qe7 13.f4 c5 14.Na2 Ba5 15.dxc5 e5
16.b4 Bc7 17.a5 Rfe8 18.Nc3 exf4 19.exf4 Qf8 20.Qf3 Nxc5 21.Ba3 Nce4 22.Nd5
Bd6 23.Nxf6+ gxf6 24.f5 Qh6 25.h3 Nd2 26.Bxf7+ Kg7 27.Qd3 Red8 28.Bd5 Bf4
29.Bc1 {#r} 1-0

[Event "It (open)"]
[Site "masterchessopen.com Karvina (Czech Republic)"]
[Round "4"]
[White "Meister Yakov (GER)"]
[Black "Gibiec Ernest (CZE)"]
[Result "1-0"]
[WhiteElo "2445"]
[BlackElo "2279"]

1.d4 d5 2.c4 c6 3.Nc3 Nf6 4.Nf3 dxc4 5.a4 Bf5 6.e3 e6 7.Bxc4 Bb4 8.O-O O-O
9.Qe2 Bg6 10.Ne5 Nbd7 11.Nxg6 hxg6 12.Rd1 Re8 13.e4 a6 14.e5 Nh7 15.Ne4 Nb6
16.Bb3 a5 17.Rd3 Nd5 18.Qg4 Be7 19.h4 Bxh4 20.Rh3 Be7 21.Qg3 Nf8 22.Qh2 f5
23.exf6 gxf6 24.Rh8+ Kf7 25.Qh6 e5 26.dxe5 f5 27.Ng5+ Bxg5 28.Bxg5 Qb6
29.Bxd5+ cxd5 30.Rxf8+ {#r} 1-0

[Event "Ch Australia"]
[Site "masterchessopen.com Melbourne (Australia)"]
[Round "6"]
[White "Booth Stewart (AUS)"]
[Black "Sztern Abraham (AUS)"]
[Result "1-0"]
[WhiteElo "2116"]
[BlackElo "2193"]

1.d4 d5 2.Nf3 Nf6 3.c4 c6 4.Nc3 dxc4 5.a4 Bf5 6.e3 e6 7.Bxc4 Bb4 8.O-O O-O
9.Qe2 h6 10.Rd1 Nbd7 11.e4 Bh7 12.Bd3 Bxc3 13.bxc3 Qc7 14.e5 Bxd3 15.Rxd3 Nd5
16.Qe4 f5 17.Qh4 Qd8 18.Bg5 Qe8 19.Bxh6 gxh6 20.Qxh6 Qe7 21.Ng5 Nf4 22.Rf3
Ne2+ 23.Kf1 Nxd4 24.cxd4 Rfe8 25.Rg3 f4 26.Rg4 {#r} 1-0

[Event "Ch Spain (team)"]
[Site "masterchessopen.com Spain"]
[Round "5"]
[White "Teran Alvarez Ismael (ESP)"]
[Black "Zarzo Lopez Tomas (ESP)"]
[Result "1-0"]
[WhiteElo "2435"]
[BlackElo "2297"]

1.d4 d5 2.c4 c6 3.Nf3 Nf6 4.Nc3 dxc4 5.a4 Bf5 6.e3 e6 7.Bxc4 Bb4 8.O-O O-O
9.Qe2 Ne4 10.Nxe4 Bxe4 11.Rd1 c5 12.dxc5 Qe7 13.Rd4 Bc6 14.Rg4 Bxc5 15.b4 Bxb4
16.Bb2 g6 17.e4 Nd7 18.Qe3 Rfc8 19.Qh6 Qf8 20.Qxh7+ {#r} 1-0

[Event "Ch Sweden (corr.)"]
[Site "masterchessopen.com Sweden"]
[Round "4"]
[White "Joensson Krister (SWE)"]
[Black "Jansson Anders O (SWE)"]
[Result "0-1"]
[WhiteElo "2072"]
[BlackElo "2106"]

1.d4 Nf6 2.c4 c6 3.Nc3 d5 4.Nf3 dxc4 5.a4 Bf5 6.e3 e6 7.Bxc4 Bb4 8.O-O O-O
9.Qe2 Bg6 10.Na2 Bd6 11.b3 Nbd7 12.Bb2 Qa5 13.Nh4 Bh5 14.f3 g5 15.g4 gxh4
16.gxh5 Qxh5 17.Kh1 Kh8 18.Nc3 Rg8 19.Ne4 Be7 20.Qf2 Nd5 21.Nc5 Nxc5 22.dxc5+
f6 23.Rg1 Rad8 24.e4 Nf4 25.Qe3 Rxg1+ 26.Rxg1 e5 27.b4 a5 28.bxa5 h3 29.Bf1
Ng2 {#R} 0-1

[Event "It (open)"]
[Site "masterchessopen.com Alcobendas (Spain)"]
[Round "6"]
[White "Pogorelov Ruslan (UKR)"]
[Black "Martinez Fernando Semprun (ESP)"]
[Result "1-0"]
[WhiteElo "2415"]
[BlackElo "2149"]

1.Nf3 Nf6 2.c4 c6 3.Nc3 d5 4.d4 dxc4 5.a4 Bf5 6.e3 e6 7.Bxc4 Bb4 8.O-O O-O
9.Qe2 Nbd7 10.e4 Bg6 11.e5 Nd5 12.Ne4 c5 13.dxc5 Qc7 14.Nd6 Nxc5 15.Rd1 Nb6
16.a5 Nbd7 17.h3 h6 18.Bd2 Bxd2 19.Rxd2 Rab8 20.b4 Na6 21.Nb5 Qc8 22.Nxa7 Qe8
23.Bb5 {#r} 1-0

[Event "It (open)"]
[Site "masterchessopen.com Antwerpen (Belgium)"]
[Round "0"]
[White "Wells Peter K (ENG)"]
[Black "Beulen Marcel (NED)"]
[Result "1-0"]
[WhiteElo "2490"]
[BlackElo "2310"]

1.d4 d5 2.c4 c6 3.Nf3 Nf6 4.Nc3 dxc4 5.a4 Bf5 6.e3 e6 7.Bxc4 Bb4 8.O-O O-O
9.Qe2 Nbd7 10.e4 Bg6 11.Bd3 Bh5 12.e5 Nd5 13.Ne4 Be7 14.Ng3 Bg6 15.Bxg6 fxg6
16.a5 a6 17.Ne4 c5 18.Nfg5 Bxg5 19.Bxg5 Qb8 20.Qg4 Rf5 21.Nd6 cxd4 22.Nxf5
gxf5 23.Qxd4 Nxe5 24.Rfe1 Nc6 25.Qc5 Qe8 26.Qd6 Kf7 27.Rad1 h6 28.Rxd5 hxg5
29.Rxf5+ exf5 30.Rxe8 Rxe8 31.Qd7+ {#r} 1-0

[Event "It (open)"]
[Site "masterchessopen.com Bellheim (Germany)"]
[Round "0"]
[White "Ritter Ralph (GER)"]
[Black "Bohne Lutz (GER)"]
[Result "1-0"]
[WhiteElo "2067"]
[BlackElo "2026"]

1.d4 d5 2.c4 c6 3.Nf3 Nf6 4.Nc3 dxc4 5.a4 Bf5 6.e3 e6 7.Bxc4 Bb4 8.O-O O-O
9.Qe2 Nbd7 10.Rd1 Qc7 11.Bd2 Nb6 12.Bb3 a5 13.Rac1 Bxc3 14.Bxc3 Ne4 15.Be1 Nd5
16.Nh4 Qb6 17.Nxf5 exf5 18.Bxd5 cxd5 19.f3 Ng5 20.Rc5 Rfd8 21.Rdc1 Ne6 22.Rb5
{#r} 1-0

[Event "?"]
[Site "masterchessopen.com corr."]
[Round "0"]
[White "Stornelli Vincenzo (ITA)"]
[Black "Mertens Marc (LUX)"]
[Result "0-1"]
[WhiteElo "2175"]
[BlackElo "2225"]

1.d4 d5 2.c4 c6 3.Nf3 Nf6 4.Nc3 dxc4 5.a4 Bf5 6.e3 e6 7.Bxc4 Bb4 8.O-O O-O
9.Qe2 Nbd7 10.e4 Bg6 11.Bd3 Bh5 12.Bf4 Re8 13.e5 Nd5 14.Nxd5 exd5 15.Qc2 Nf8
16.Bd2 Bxf3 17.gxf3 Bxd2 18.Qxd2 Qh4 19.Rad1 Re6 20.Bf5 Rh6 21.h3 Rg6+ 22.Bxg6
Nxg6 23.Qd3 Nf4 {#R} 0-1

[Event "It"]
[Site "masterchessopen.com Eger (Hungary)"]
[Round "1"]
[White "Krumpacnik Domen (SLO)"]
[Black "Schmitt Andre (FRA)"]
[Result "0-1"]
[WhiteElo "2405"]
[BlackElo "2308"]

1.d4 Nf6 2.c4 c6 3.Nc3 d5 4.Nf3 dxc4 5.a4 Bf5 6.e3 e6 7.Bxc4 Bb4 8.O-O O-O
9.Qe2 Nbd7 10.Rd1 Bg6 11.Na2 Bd6 12.Ne5 Qc7 13.Nxg6 hxg6 14.h3 c5 15.Nc3 Nb6
16.Nb5 Qb8 17.Nxd6 Qxd6 18.b3 Nxc4 19.Qxc4 Rfd8 20.Ba3 Rac8 21.Bxc5 Qd7 22.Qd3
Rxc5 {#R} 0-1